Lục Vân Tiên

Saved in:
Bibliographic Details
Main Author: Nguyễn Đình Chiểu
Format: Book
Language:Undetermined
Published: Tp. HCM Thanh Niên 2002
Subjects:
Tags: Add Tag
No Tags, Be the first to tag this record!
Institutions: Trung tâm Học liệu Trường Đại học Cần Thơ
LEADER 00516nam a2200193Ia 4500
001 CTU_52006
008 210402s9999 xx 000 0 und d
020 |b 18000 
082 |a 895.92212 
082 |b Ch309 
100 |a Nguyễn Đình Chiểu 
245 0 |a Lục Vân Tiên 
245 0 |c Nguyễn Đình Chiểu 
260 |a Tp. HCM 
260 |b Thanh Niên 
260 |c 2002 
650 |a vietnamese poetry 
650 |y 19th century 
980 |a Trung tâm Học liệu Trường Đại học Cần Thơ